Statistics for "Predator" Ultimate Movie Fan Quiz !

Click here to take the quiz!

General Stats

  • This quiz has been taken 232 times
  • The average score is 16 of 26

Answer Stats

Hint Answer % Correct
Which character was played by Arnold Schwarzenegger?Dutch
89%
Finish this famous catch phrase..."Get to ______ ________" !the chopper!
87%
Can the alien swim?yes
80%
Finish this phrase... "If it bleeds _____ ______ ______ ______." (4 words)we can kill it
74%
This character whispered, "I see you..." when he discovered the Predator hiding in the trees.Mac
73%
Near the end of the film, Arnold Schwarzenegger's character successfully conceals himself from the Predator by covering himself in what?clay / mud ( actually pottery clay)
72%
How many people actually made it out of the jungle alive?2
72%
Which hairstyle make you look most like the Predator: a pixie cut, a bob, a jheri curl, dreadlocks, a mullet or an afro?dreadlocks
69%
Mac startles Dillon by stabbing a knife at his back. Good thing he did, because he was killing a _________?scorpion
66%
Which character was played by the same actor who portrayed Apollo Creed in the Rocky series?Dillon
66%
Which tough-guy said, "I ain't got to time to bleed".Blain / Jessie Ventura
65%
This brave character bravely faces the Predator alone, armed only with a large knife:Billy
64%
Which body part does the Predator keep as a trophy?the skull
64%
When Dutch is ready to fight the Predator, he call him by roaring loudly into the night while holding what in the air?a lighted torch
64%
What did Anna tell the soldiers she saw come to life?the jungle
62%
Dutch lifted this with his bare hands an pushed it towards the enemy soldiers to surprise them:a truck
61%
This character is the only one in the film to die laughing:the Predator
60%
When Dillon thanks Mac for killing the creature, Mac responds by whispering "___________", which we later hear the alien playing back again and again. (1 word)Anytime
56%
This movie sparked a less-poular sequel starring what actor?Danny Glover
56%
The characters are supposedly in what part of the world? (South America, the Amazon, Africa, Vietnam or Cambodia?South America
56%
What did Mac do while silently waiting for the alien to appear?shave
51%
How can the Predator find you without his mask on?heat signature
49%
Which characted said,"Only in the hottest years this happens...and this year, it grows hot"?Anna
47%
Mac repeated this phrase repeatedly while chasing the Predator, "I'm gonna _______ _______ _______ _______" (4words)have me some fun
44%
What color is the Predator's blood?fluorescent yellow
41%
Which two characters asked each other, "What the f*** are you"?Predator and Dutch
36%

Score Distribution

Percentile by Number Answered

Percent of People with Each Score

Your Score History

You have not taken this quiz